| 000 | 00795nam a2200301Ia 4500 | ||
|---|---|---|---|
| 001 | 838 | ||
| 003 | IT-RoPAU | ||
| 008 | 130308s9999 xx 000 0 und d | ||
| 040 | _aIT-RoPAU | ||
| 040 | _cIT-RoPAU | ||
| 041 | _aFRANCESE | ||
| 100 | _aLista Giovanni | ||
| 100 | _gCodice Aut. SPICS: 4587 | ||
| 245 | _aRussolo, peinture et bruitisme-Preface | ||
| 245 | _bArt des bruits (L') | ||
| 250 | _a1a ed. | ||
| 260 | _aLAUSANNE | ||
| 260 | _bL'Age D'Homme | ||
| 260 | _c1975 [1° Ed.:1975 - Ed.Ling.Originale:1975] | ||
| 300 | _a"22 p. (prefazione: no ; testo: 22 [pagine: 9-30])" | ||
| 500 | _aLuigi Russolo Pittura e Rumorismo | ||
| 650 | _aLINGUAGGIO MUSICALE | ||
| 650 | _eCodice materia Spics: 7004 | ||
| 942 | _cBK | ||
| 957 | _71 | ||
| 999 |
_c58505 _d58505 |
||
| 999 | _bSI | ||
| 999 | _g1 | ||